Transistor circuit design (Record no. 5551)

MARC details
000 -LEADER
fixed length control field 00607nam a2200205Ia 4500
003 - CONTROL NUMBER IDENTIFIER
control field IN-BaIIA
008 - FIXED-LENGTH DATA ELEMENTS--GENERAL INFORMATION
fixed length control field 211028s9999 xx 000 0 eng d
040 ## - CATALOGING SOURCE
Transcribing agency IIA Library
080 ## - UNIVERSAL DECIMAL CLASSIFICATION NUMBER
Universal Decimal Classification number 621.389.04
Item number TRA
245 #0 - TITLE STATEMENT
Title Transistor circuit design
Statement of responsibility, etc. edited by Joseph A. Walston and John R. Miller
260 ## - PUBLICATION, DISTRIBUTION, ETC.
Place of publication, distribution, etc. Tokyo
Name of publisher, distributor, etc. McGraw-Hill
Date of publication, distribution, etc. 1963
300 ## - PHYSICAL DESCRIPTION
Extent xi, 523p.
650 ## - SUBJECT ADDED ENTRY--TOPICAL TERM
Topical term or geographic name entry element Integrated circuits
9 (RLIN) 3314
650 ## - SUBJECT ADDED ENTRY--TOPICAL TERM
Topical term or geographic name entry element Microelectronics
9 (RLIN) 3318
650 ## - SUBJECT ADDED ENTRY--TOPICAL TERM
Topical term or geographic name entry element NASA Thesaurus
650 ## - SUBJECT ADDED ENTRY--TOPICAL TERM
Topical term or geographic name entry element Transistor circuits
9 (RLIN) 3026
700 ## - ADDED ENTRY--PERSONAL NAME
Personal name Miller, John R., ed.
9 (RLIN) 5240
700 ## - ADDED ENTRY--PERSONAL NAME
Personal name Walston, Joseph A., ed.
9 (RLIN) 5241
942 ## - ADDED ENTRY ELEMENTS (KOHA)
Koha item type Books
Holdings
Withdrawn status Lost status Damaged status Not for loan Home library Current library Shelving location Date acquired Cost, normal purchase price Total Checkouts Full call number Barcode Date last seen Cost, replacement price Price effective from Koha item type Purchase Price
        IIA Library-Bangalore IIA Library-Bangalore General Stacks 25/08/1977 70.50   621.389.04/ TRA 6214 05/11/2021 70.50 25/08/1977 Books Rs. 70.50

Powered by Koha